000
00269nam a2200109Ia 4500
008
201231s9999 xx 000 0 und d
100
_a
Rosch, Winn L.
245
0
_a
(The) Winn L. Rosch Hardware Bible
260
_a
New Delhi
_b
Prentice-Hall
300
_a
1520
942
_c
BK
999
_c
9776
_d
9776